Zákazková výroba u zhotoviteľa /právne, účtovné a daňové aspekty/ diplomová práca

Salvato in:
Dettagli Bibliografici
Autore principale: Jamrichová, Martina
Ente Autore: Fakulta hospodárskej informatiky EU. Katedra účtovníctva a audítorstva
Altri autori: Mateášová, Martina, 1979-
Natura: Libro
Lingua:slovacco
Pubblicazione: Bratislava 2016
Tags: Aggiungi Tag
Nessun Tag, puoi essere il primo ad aggiungerne!!

MARC

LEADER 00000nbm a2200000 4500
001 0216895
005 20240905084908.4
041 0 |a slo 
044 |a SK 
245 1 0 |a Zákazková výroba u zhotoviteľa /právne, účtovné a daňové aspekty/  |b diplomová práca  |c Martina Jamrichová ; školiteľ: Martina Mateášová 
264 1 |a Bratislava  |c 2016 
300 |a 73 s. 
100 1 |a Jamrichová, Martina 
700 1 |a Mateášová, Martina, 1979- 
710 2 |a Fakulta hospodárskej informatiky EU. Katedra účtovníctva a audítorstva